<?xml version="1.0" encoding="UTF-8"?>
<marc:record xmlns:marc="http://www.loc.gov/MARC21/slim">
   <marc:leader>00000nam a2200000 a 4500</marc:leader>
   <marc:datafield ind1="1" ind2=" " tag="100">
      <marc:subfield code="a">Schallhart, Elisabeth</marc:subfield>
      <marc:subfield code="4">aut</marc:subfield>
      <marc:subfield code="e">Verfasser/-in</marc:subfield>
   </marc:datafield>
   <marc:datafield ind1="1" ind2=" " tag="100">
      <marc:subfield code="a">Fock, Iris</marc:subfield>
      <marc:subfield code="4">aut</marc:subfield>
      <marc:subfield code="e">Verfasser/-in</marc:subfield>
   </marc:datafield>
   <marc:datafield ind1=" " ind2=" " tag="653">
      <marc:subfield code="a">Märchen</marc:subfield>
   </marc:datafield>
   <marc:datafield ind1=" " ind2=" " tag="653">
      <marc:subfield code="a">Vorschulerziehung</marc:subfield>
   </marc:datafield>
   <marc:datafield ind1=" " ind2=" " tag="653">
      <marc:subfield code="a">Softcover / Schule</marc:subfield>
   </marc:datafield>
   <marc:datafield ind1=" " ind2=" " tag="653">
      <marc:subfield code="a">Lernen/Unterrichtsvorbereitung/Kita</marc:subfield>
   </marc:datafield>
   <marc:datafield ind1=" " ind2=" " tag="653">
      <marc:subfield code="a">Vorschule</marc:subfield>
   </marc:datafield>
   <marc:datafield ind1=" " ind2=" " tag="653">
      <marc:subfield code="a">Beispielsammlung</marc:subfield>
   </marc:datafield>
   <marc:datafield ind1="0" ind2="0" tag="245">
      <marc:subfield code="a">Märchen</marc:subfield>
   </marc:datafield>
   <marc:datafield ind1="0" ind2="0" tag="245">
      <marc:subfield code="b">Geschichten und Projekte für die Praxis</marc:subfield>
   </marc:datafield>
   <marc:datafield ind1="0" ind2="0" tag="245">
      <marc:subfield code="c">Elisabeth Schallhart/Iris Fock</marc:subfield>
   </marc:datafield>
   <marc:datafield ind1=" " ind2="1" tag="264">
      <marc:subfield code="a">Garching b. München</marc:subfield>
      <marc:subfield code="b">Hase und Igel</marc:subfield>
      <marc:subfield code="c">2012</marc:subfield>
   </marc:datafield>
   <marc:datafield ind1="1" ind2=" " tag="490">
      <marc:subfield code="a">Materialien für den Kindergarten</marc:subfield>
   </marc:datafield>
   <marc:datafield ind1="1" ind2=" " tag="520">
      <marc:subfield code="a">Angaben aus der Verlagsmeldung

Materialien für den Kindergarten: Märchen / von Elisabeth Schallhart, Iris Fock

Ob „Rumpelstilzchen“, „Schneewittchen“ oder „Der gestiefelte Kater“ – Kinder sind
von den fantastischen Hauptfiguren wie Prinzessinnen, Zwergen und sprechenden
Tieren immer begeistert.
Über Anregungen zur szenischen Umsetzung und Vertiefung der Märchentexte
hinaus,
bietet Ihnen dieses Material zahlreiche Aktivitäten, mit denen Sie weitere
in den Märchen enthaltene Aspekte thematisieren können. Zur ganzheitlichen
Auseinandersetzung gibt es passende Rezepte, Lieder, Bewegungsspiele
und kreative
Gestaltungsangebote.
Folgende Märchen werden thematisiert:
• Rumpelstilzchen –
mit Aktivitäten zu den Themen „Mein Name“ und „Feuer“
• Die Prinzessin auf der Erbse –
mit Erbsenzählspielen und einem Prinzen-/Prinzessinnentest
• Schneewittchen –
mit Angeboten zu den Themen „Spiegel“ und „Zwerge“
• Die Bremer Stadtmusikanten –
mit vielfältigen Ideen zu verschiedenen Tieren und Tierstimmen
• Der gestiefelte Kater –
mit Zauberkunststücken und Aktivitäten zum Thema „Schuhe“
• Die Geschichte vom Pfannkuchen –
mit Reimen und Angeboten zum Thema „Das ist rund“
</marc:subfield>
   </marc:datafield>
   <marc:datafield ind1=" " ind2=" " tag="020">
      <marc:subfield code="a">9783867608688</marc:subfield>
      <marc:subfield code="9">9783867608688</marc:subfield>
   </marc:datafield>
   <marc:datafield ind1=" " ind2=" " tag="041">
      <marc:subfield code="a">ger</marc:subfield>
   </marc:datafield>
   <marc:datafield ind1=" " ind2=" " tag="300">
      <marc:subfield code="a">96 S.</marc:subfield>
   </marc:datafield>
</marc:record>
